<?xml version="1.0" encoding="UTF-8"?>
<collection xmlns="http://www.loc.gov/MARC21/slim">
 <record>
  <leader>00716pamaa2200169   4500</leader>
  <controlfield tag="001">0000021419</controlfield>
  <controlfield tag="005">20061213090000.0</controlfield>
  <datafield tag="020" ind1="0" ind2="0">
   <subfield code="a">081351911X </subfield>
  </datafield>
  <datafield tag="090" ind1="0" ind2="0">
   <subfield code="a">PS147 </subfield>
   <subfield code="b">OTH 1993</subfield>
  </datafield>
  <datafield tag="245" ind1="1" ind2="4">
   <subfield code="a">The (other) American traditions : </subfield>
   <subfield code="b">nineteenth-century women writers  </subfield>
   <subfield code="c">edited by Joyce W. Warren.</subfield>
  </datafield>
  <datafield tag="260" ind1="0" ind2="0">
   <subfield code="a">New Jersey: </subfield>
   <subfield code="b">Rutgers University Press, </subfield>
   <subfield code="c">1993.</subfield>
  </datafield>
  <datafield tag="300" ind1=" " ind2=" ">
   <subfield code="a">ix, 313p.; </subfield>
   <subfield code="c">23cm.</subfield>
  </datafield>
  <datafield tag="650" ind1="0" ind2="0">
   <subfield code="a">Women and literature -- </subfield>
   <subfield code="x">History -- </subfield>
   <subfield code="y">19th century -- </subfield>
   <subfield code="z">United States </subfield>
  </datafield>
  <datafield tag="650" ind1="0" ind2="0">
   <subfield code="a">American literature -- </subfield>
   <subfield code="x">History and criticism -- </subfield>
   <subfield code="y">19th century </subfield>
  </datafield>
  <datafield tag="650" ind1="0" ind2="0">
   <subfield code="a">Women authors, American -- </subfield>
   <subfield code="x">Biography -- </subfield>
   <subfield code="y">19th century </subfield>
  </datafield>
  <datafield tag="650" ind1="0" ind2="0">
   <subfield code="a">American literature -- </subfield>
   <subfield code="x">Women authors -- </subfield>
   <subfield code="x">History and criticism </subfield>
  </datafield>
  <datafield tag="700" ind1="1" ind2="1">
   <subfield code="a">Warren, </subfield>
   <subfield code="h">Joyce W. </subfield>
  </datafield>
 </record>
</collection>
